000 01250nam a2200301 a 4500
001 000029423
003 DO-SdBNP
005 20250612124738.0
007 000029423
008 110415s1992 dr a 000 0 spa d
040 _aBPMSU
_bspa
_cBPMSU
082 4 _2
_aRD863.42
_bH519t, 1992
100 1 _aHenríquez Ureña, Pedro,
_d1884-1946.
245 1 0 _a3 Cuentos de Pedro Henríquez Ureña /
_cPedro Henríquez Ureña ; edición Josefina de la Cruz y Diógenes Valdez.
246 2 0 _aTres cuentos de Pedro Henríquez Ureña
250 _a2ª ed.
260 _aSanto Domingo :
_bSecretaría de Estado de Educación, Bellas Artes y Cultos :
_bTaller,
_c1992.
300 _a73 p. :
_bil. ;
_c27 cm.
505 0 _gPrólogo a la edición de octubre de 1992 /
_rÉlida Jiménez --
_tPedro Henríquez Ureña propone utopía en Cuentos de la Nana Lupe /
_rJosefina de la Cruz --
_tEn los volcanes --
_tEn Jauja --
_tCon las brujas.
650 4 _aCUENTOS DOMINICANOS
650 4 _aLITERATURA DOMINICANA
700 1 _aCruz, Josefina de la,
_eed.
700 1 _aValdez, Diógenes,
_d1941-,
_eed.
910 _aValidado. Control de calidad EMS
942 _2ddc
_cBK
945 _aInventariado infantil / 2017 VM
956 _aVMATEO
_b10
_c20120520
_lBPMSU
_h0069
999 _c7275
_d7275